| 000 | 00519nam a2200109Ia 4500 | ||
|---|---|---|---|
| 008 | 160909s9999 xx 000 0 und d | ||
| 100 | _aTaylor, Christopher Michael. | ||
| 245 | _aUnderstanding the relationship between the brown marmorated stink bug, <i>Halyomorpha halys</i> (Stål), and its symbiont, <i>Pantoea carbekii</i>, with implications for stink bug management | ||
| 260 |
_bUniversity of Maryland, College Park _c2016 |
||
| 650 | _aMASS COM | ||
| 856 | _uhttp://pqdtopen.proquest.com/doc/1799285507.html?FMT=ABS | ||
| 999 |
_c304176 _d304176 |
||